header

The Dalai Lama's secret and other reporting adventures (Record no. 75661)

MARC details
000 -LEADER
fixed length control field 02135nam a2200349 a 4500
082 04 - DEWEY DECIMAL CLASSIFICATION NUMBER
Classification number 070.4/332092
-- B
100 1# - MAIN ENTRY--AUTHOR NAME
Personal name Bradsher, Henry S.
245 14 - TITLE STATEMENT
Title The Dalai Lama's secret and other reporting adventures
260 ## - PUBLICATION, DISTRIBUTION, ETC. (IMPRINT)
Place of publication Baton Rouge :
Name of publisher Louisiana State University Press,
Year of publication 2013.
300 ## - PHYSICAL DESCRIPTION
Number of Pages x, 312 p., [16] p. of plates :
Other physical details ill., port.
500 ## - GENERAL NOTE
General note First printing.
505 0# - FORMATTED CONTENTS NOTE
Formatted contents note A gubernatorial push -- Riding the buses in Montgomery -- Killing the long-haired Lama -- The Dalai Lama's treasure -- Behind the Himalayas -- Climbing Cho Oyu -- Stumbling over a policeman's severed head -- Counting crowds -- Into Bhutan by mule -- Mail from the Nagas -- Left off the earth -- Tiger hunting with Queen Elizabeth -- Punitive expedition -- Of royalty and royal weddings -- One horse, many horses -- Denying Khrushchev -- Wrecking receiving lines -- Blocking blackmail -- Stabbed in the back -- Bombed in Moscow -- China's most despicable -- Birth of a nation -- Reporting Vietnam -- Riding the dangerous roads -- Shoeshines at Jaffa gate -- Hazards of journalism.
650 #0 - SUBJECT ADDED ENTRY--TOPICAL TERM
Topical Term Foreign correspondents
856 40 - ELECTRONIC LOCATION AND ACCESS
Uniform Resource Identifier http://site.ebrary.com/lib/rucke/Doc?id=10653118

No items available.

© 2026 Rongo University
Contact us: librarian | system librarian | Rongo university